01244nam a2200217 a 4500008004100000020001800041041000800059092001700067100003200084245004900116250001100165260003600176300001100212500008800223505044100311590002600752655002100778942001300799999001500812952019900827171103e2009 ag ||||g |||| 00| 1 spa d a9788432212727 aspa c808l28sGAR1 aGarcia Ortega, Adolfo941063 aEl mapa de la vida /cAdolfo García Ortega a1a ed. aBarcelona:bSeix Barral;c2009. a539 p. aGarcía Ortega, A. (2009). El mapa de la vida. (1a ed.). Barcelona : Seix Barral.  aEn El mapa de la vida hay ángeles que vislumbran un universo de maravillas míticas que entrelazan de modo portentoso la Florencia del siglo XIV, la figura de Mahoma, la cárcel de Guantánamo, la Narareth de una joven Miriam y el mestizaje más absoluto de la ciudad contemporánea. Sólo Adolfo García Ortega podía trazar un mosaico narrativo tan original. Una novela impactante que constituye un hermoso canto a la vida.  aDonacion Febrero 2020 aLiteratura92917 2ddccLIT c3060d3060 00102ddc4070aBFMbBFMcCRd2020-02-11eDonación Constanzo Juan Carlos, Febrero 2020l0o808 28 GARp4611r2020-02-11tEj. 1w2020-02-11yLITzDonación Constanzo Juan Carlos, Febrero 2020